| 000 -ლიდერი |
| ფიქსირებული სიგრძის საკონტროლო ველი |
01941nam a2200313Ia 4500 |
| 001 - საკონტროლო ნომერი |
| საკონტროლო ველი |
20865 |
| 003 - საკონტროლო ნომრის იდენტიფიკატორი |
| საკონტროლო ველი |
GE_BSU |
| 005 - ბოლო ოპერაციის თარიღი და დრო |
| საკონტროლო ველი |
20210524130017.0 |
| 008 - ფიქსირებული სიგრძის მონაცემთა ელემენტები - ზოგადი ინფორმაცია |
| ფიქსირებული სიგრძის საკონტროლო ველი |
181216s ||||ge |||||||||||||| ||geo|| |
| 020 ## - წიგნის საერთაშორისო სტანდარტული ნომერი |
| International Standard Book Number |
9789941414855 |
| 040 ## - კატალოგიზაციის წყარო |
| Transcribing agency |
GE_BSU |
| 041 ## - ენის კოდი |
| Language code of text/sound track or separate title |
geo |
| 080 ## - უნივერსალური ათობითი კლასიფიკაციის ინდექსი |
| Universal Decimal Classification number |
34(038)+81'374.822 ი-95 |
| 245 ## - ცნობა სათაურის შესახებ |
| Title |
იურიდიული ლექსიკონი : |
| Remainder of title |
გერმანულ-ქართული, ქართულ-გერმანული = Rechtsworterbuch : Deutsch-georgisch, georgisch-deutsch / |
| Statement of responsibility, etc |
ავტ. : გაგა გაბრიჩიძე, ლაშა კალანდაძე, მანანა მანჯგალაძე [და სხვ.] ; რედ.: შალვა პაპუაშვილი, ქეთევან ფხაკაძე, ეთერ ჩაჩანიძე ; რედ. : შალვა პაპუაშვილი, ქეთევან ფხაკაძე, ეთერ ჩაჩანიძე. |
| 264 ## - წარმოების, გამოცემის, დისტრიბუციის და სხვა ცნობები |
| გამოცემის, წარმოების, დისტრიბუციის... ადგილი |
თბილისი : |
| გამოცემის, წარმოების, დისტრიბუციის... სახელწოდება |
GIZ, |
| გამოცემის, წარმოების, დისტრიბუციის... თარიღი |
2012. |
| 300 ## - ფიზიკური აღწერა |
| Extent |
545 გვ. ; |
| Dimensions |
20 სმ. |
| 546 ## - LANGUAGE NOTE |
| Language note |
თავფურცელი ქართულ და გერმანულ |
| 653 ## - INDEX TERM--UNCONTROLLED |
| Uncontrolled term |
იურიდიული ლექსიკონი |
| 653 ## - INDEX TERM--UNCONTROLLED |
| Uncontrolled term |
ლექსიკონი |
| 653 ## - INDEX TERM--UNCONTROLLED |
| Uncontrolled term |
სამართალი |
| 700 ## - ADDED ENTRY--PERSONAL NAME |
| Personal name |
გაბრიჩიძე, გაგა |
| Relator term |
ავტორი |
| 9 (RLIN) |
5243 |
| 700 ## - ADDED ENTRY--PERSONAL NAME |
| Personal name |
კალანდაძე, ლაშა |
| Relator term |
ავტორი |
| 9 (RLIN) |
10138 |
| 700 ## - ADDED ENTRY--PERSONAL NAME |
| Personal name |
მანჯგალაძე, მანანა |
| Relator term |
ავტორი |
| 9 (RLIN) |
11880 |
| 700 ## - ADDED ENTRY--PERSONAL NAME |
| Personal name |
პაპუაშვილი, შალვა |
| Relator term |
რედაქტორი |
| 9 (RLIN) |
758 |
| 700 ## - ADDED ENTRY--PERSONAL NAME |
| Personal name |
ფხაკაძე, ქეთევან |
| Relator term |
რედაქტორი |
| 9 (RLIN) |
11881 |
| 700 ## - ADDED ENTRY--PERSONAL NAME |
| Personal name |
ჩაჩანიძე, ეთერ |
| Relator term |
რედაქტორი |
| 9 (RLIN) |
11882 |
| 942 ## - ADDED ENTRY ELEMENTS (KOHA) |
| Koha item type |
წიგნი |
| Source of classification or shelving scheme |
|